000 00896nam a22002537a 4500
003 OSt
005 20220107122858.0
008 200226b xxu||||| |||| 00| 0 eng d
020 _a9789388511636
040 _cIIITMK
082 _a006.3 DEE/A
100 _aDeepika, M
_917774
245 _aAI and ML powering the agents of automation:
_bDemystifying, IOT, robots, chatbots, RPA, drones & autonomous cars - the new workforce led digital reinvention facilitated by AI & MI and secured through blockchain
_cDeepika M
260 _aNew Delhi,
_bBPB Publications,
_c2019.
300 _axiv, 228p.
650 _aCOMPUTER SCIENCE
_917942
650 _aARTIFICIAL INTELLIGENCE
_917943
650 _aMACHINE LEARNING
_917944
650 _aAUTOMATION
_917945
700 _aCuddapah, Vijay
_917775
700 _aSrivastava, Amitendra
_917776
700 _aMahankali, Srinivas
_917777
942 _2ddc
_cBK
999 _c6725
_d6725